[Event "DEN-chT XtraCon 2018-19"]
[Site "Denmark"]
[Date "2018.10.28"]
[Round "2"]
[White "Rozentalis, Eduardas"]
[Black "Matthiesen, Martin"]
[Result "1-0"]
[WhiteElo "2522"]
[BlackElo "2286"]
[Annotator "TA"]
[PlyCount "55"]
[EventDate "2018.10.27"]
[EventType "team-tourn"]
[EventCountry "DEN"]
[SourceTitle "playchess.com"]
[Source "ChessBase"]
[SourceQuality "1"]

{[%evp 19,55,15,33,36,27,31,29,21,35,31,58,59,88,62,92,84,111,110,117,93,168,160,175,124,170,182,193,120,210,206,206,197,238,243,451,399,540,532]} 1. e4 e5 2. Nf3 Nc6 3. Bc4 Bc5 4. c3 Nf6 5. d3 d6 6. b4 Bb6 7. a4 a6 8. O-O h6 9. a5 {C54: Giuoco Piano: 4 c3 Nf6, main lines with 5 d4 and 5 d3} Ba7 10. Be3 O-O {LiveBook: 3 Games} 11. Bxa7 {White is slightly better.} Rxa7 12. Nbd2 Ra8 $146 ({Predecessor:} 12... Ne7 13. Re1 Ng6 14. d4 Ra8 15. Bf1 Re8 16. h3 Nh7 17. dxe5 dxe5 {0-1 (70) Chigaev,M (2593)-Iljiushenok,I (2532) Cheliabinsk 2018}) 13. Re1 Re8 14. Qb3 Qe7 15. d4 {[%cal Bd3d4,Bd4d5][%mdl 32]} g6 16. Bf1 Qf8 17. d5 $36 {[%mdl 2048] White is really pushing.} Nb8 18. c4 Nbd7 19. Rac1 Nh5 (19... c5 $16) 20. c5 $18 Qe7 21. c6 (21. Qe3 $18) 21... bxc6 22. Rxc6 Nb8 23. Rc3 ({White should try} 23. Rc4 $18) 23... Bb7 (23... Kg7 $16 24. Qc2 Ra7) 24. Rec1 Rc8 25. g3 Ng7 26. Bh3 f5 $2 {[#]} (26... Ne8 27. Bxc8 Bxc8) 27. Nh4 Qf7 28. Qb1 {Precision: White = 72%, Black = 21%.} 1-0

[Event "DEN-chT XtraCon 2018-19"]
[Site "Denmark"]
[Date "2018.10.28"]
[Round "2"]
[White "Glud, Jakob Vang"]
[Black "Hector, Jonny"]
[Result "1-0"]
[WhiteElo "2520"]
[BlackElo "2507"]
[Annotator "TA"]
[PlyCount "53"]
[EventDate "2018.10.27"]
[EventType "team-tourn"]
[EventCountry "DEN"]
[SourceTitle "playchess.com"]
[Source "ChessBase"]
[SourceQuality "1"]

{[%evp 12,53,40,0,0,0,-7,-49,-8,-11,-3,-28,-7,-43,-43,-58,-54,-51,-18,-29,-31,-43,6,12,3,6,11,0,8,6,35,42,101,70,264,261,255,255,245,250,265,197,674,670]} 1. c4 e5 2. g3 Nf6 3. Bg2 c6 4. Nf3 e4 5. Nd4 d5 6. d3 {A20: Englische Eröffnung} Bb4+ 7. Bd2 {LiveBook: 4 Partien} Bc5 8. Bc3 {[#]Die Stellung ist ausgeglichen.} e3 $146 {[%mdl 512]} ({Vorgänger:} 8... O-O 9. O-O e3 10. fxe3 Ng4 11. Qc1 dxc4 12. h3 Nh6 13. dxc4 Qg5 {0-1 (78) Antal,G (2529)-Jumabayev,R (2603) Tegernsee 2017}) 9. f3 (9. fxe3 Ng4) 9... dxc4 10. dxc4 a5 {[%cal Ba7a5,Ba5a4][%mdl 32]} 11. Qd3 O-O 12. Nb3 Bb6 13. Qxd8 Rxd8 14. Na3 a4 15. Nc1 $1 Bf5 {[#]} 16. Nd3 $1 {[%mdl 512]} Bxd3 17. exd3 Rxd3 18. Ke2 Rd8 19. Rhd1 Na6 20. Nc2 Bc5 21. b4 $36 {[%mdl 2048] Schwarz steht unter Druck.} Be7 (21... axb3 $1 $14 22. Rxd8+ Rxd8 23. axb3 Be7) 22. a3 b5 $2 ({Lieber} 22... Nd7 $14) 23. f4 $18 (23. Nxe3 $6 Rac8 $18) 23... Rac8 24. Rxd8+ ({Bloß nicht} 24. Nxe3 Rxd1 25. Rxd1 bxc4 $18) 24... Bxd8 25. Nxe3 bxc4 26. Rd1 ({Viel schwächer ist} 26. Nxc4 $6 Nd5 $18) 26... Nb8 $2 (26... Be7 27. Be5 (27. Nxc4 Nd5 $16) 27... Nb8 28. Nxc4 Nfd7) 27. Bh3 {Precision: Weiß = 60%, Schwarz = 26%.} 1-0

[Event "DEN-chT XtraCon 2018-19"]
[Site "Denmark"]
[Date "2018.10.28"]
[Round "2"]
[White "Danielsen, Henrik"]
[Black "Rewitz, Poul"]
[Result "1-0"]
[WhiteElo "2502"]
[BlackElo "2274"]
[Annotator "TA"]
[PlyCount "71"]
[EventDate "2018.10.27"]
[EventType "team-tourn"]
[EventCountry "DEN"]
[SourceTitle "playchess.com"]
[Source "ChessBase"]
[SourceQuality "1"]

{[%evp 9,70,14,14,24,56,59,64,56,43,27,30,34,37,23,25,31,26,25,55,45,47,60,62,64,82,64,69,56,97,37,62,56,56,59,55,55,69,54,75,57,147,141,158,73,87,93,70,70,60,72,319,310,345,339,341,343,329,330,2518,2352,29998,29999,29999]} 1. e4 c5 2. c3 d5 3. d3 dxe4 4. dxe4 Qxd1+ 5. Kxd1 Bd7 (5... Nc6 6. Be3 e5 7. Na3 Be6 8. Nf3 a6 9. Nc4 Nf6 10. Ng5 b5 11. Nxe6 fxe6 {0-1 (79) Jakubiec,A (2500)-Cukrowski,F (2431) Poland 2017}) 6. Be3 {B22: Sicilian: 2 c3} Bc6 $146 ({Predecessor:} 6... e6 7. a4 Bc6 8. f3 Nd7 9. Bb5 Rc8 10. Nd2 b6 11. Nc4 {½-½ (44) Stein,B (2365)-Salanki,E (2335) Copenhagen 1988}) 7. f3 Nd7 8. Nd2 {White is slightly better.} g6 9. a4 Bh6 10. Bxh6 Nxh6 11. Bb5 Rc8 12. Nh3 {[%cal Bg1h3,Bh3f2,Bf2g4][%mdl 32]} f6 13. Kc2 g5 14. Nf2 Nf7 15. h4 h6 16. Nc4 b6 17. Ng4 h5 18. Nge3 e6 19. Rh2 (19. g4 $16) 19... Ke7 20. Bxc6 Rxc6 21. Rah1 g4 22. fxg4 hxg4 23. Nxg4 Rcc8 24. Rd1 Nf8 (24... Rcd8 $14) 25. g3 $16 Nh7 26. Rf2 (26. Rhd2 $142 Rcd8 27. Rxd8 Rxd8 28. Rxd8 Nxd8 29. b4) 26... Rcg8 27. Nce3 Rg6 28. Rdf1 Rhg8 29. Rf4 $36 {[%mdl 2048] White is in control.} Nd6 $2 (29... R8g7 $16) 30. e5 $18 fxe5 31. Nxe5 {[#] aiming for Rf7+!} Rxg3 32. Rf7+ Nxf7 33. Rxf7+ Ke8 $2 (33... Kd6) 34. N3c4 {White threatens Nd6+ and mate.} R3g7 35. Nd6+ Kd8 36. Nc6# {Precision: White = 63%, Black = 45%.} 1-0

[Event "DEN-chT XtraCon 2018-19"]
[Site "Denmark"]
[Date "2018.10.28"]
[Round "2"]
[White "Thybo, Jesper Sondergaard"]
[Black "Rostgaard, Tobias Valentin"]
[Result "1-0"]
[WhiteElo "2496"]
[BlackElo "2416"]
[Annotator "TA"]
[PlyCount "80"]
[EventDate "2018.10.27"]
[EventType "team-tourn"]
[EventCountry "DEN"]
[SourceTitle "playchess.com"]
[Source "ChessBase"]
[SourceQuality "1"]

{[%evp 19,80,28,32,31,31,35,21,20,53,57,35,29,29,17,27,27,70,77,107,103,106,83,158,155,162,131,150,129,138,139,218,212,218,215,263,261,268,262,395,395,395,388,390,383,429,409,845,844,841,819,981,967,5842,5549,5822,5741,5627,2387,7057,7229,5714,4986,6933]} 1. d4 d5 2. c4 e6 3. Nf3 Nf6 4. g3 c5 5. cxd5 exd5 6. Bg2 Nc6 7. O-O Be7 8. Nc3 O-O 9. Bg5 c4 10. e3 {D34: Tarrasch Defence: 6 g3 Nf6 7 Bg2 Be7} Be6 {LiveBook: 13 Games} 11. b3 cxb3 12. Qxb3 {White is slightly better.} Na5 13. Qb2 {[#]} a6 $146 ({Predecessor:} 13... Ne4 14. Nxe4 dxe4 15. Bxe7 Qxe7 16. Nd2 Nc4 17. Nxc4 Bxc4 {1-0 (42) Ding,L (2778)-Mamedov,R (2704) Shamkir 2018}) 14. Ne5 b5 15. Nd3 Nc4 16. Qe2 Rc8 17. Rfc1 Bg4 18. Qe1 Be6 19. Bxf6 gxf6 20. Qe2 Qd7 ({Better is} 20... Kh8) 21. Nf4 $16 {[%cal Rc3d5,Bd3f4,Bf4h5,Bh5f6][%mdl 32]} Nb6 22. Qh5 {[%cal Rf4d5]} Rfd8 23. Qh6 {[#] Threatening mate with Nh5.} Bf8 24. Qxf6 Rc6 (24... Qe7 $16 {was called for.} 25. Qe5 h6) 25. Qg5+ $40 {[%mdl 128] Black is in trouble.} Kh8 {Black wants to play ...Be7.} 26. Nh5 {Hoping for Qe5+.} Qe7 {[#]} 27. Qe5+ $1 ({Much less strong is} 27. Nf6 $6 Bg7 $16) 27... f6 28. Nxf6 Bg7 (28... Nc4 {was worth a try.} 29. Nfxd5+ (29. Ncxd5 Nxe5 30. Nxe7 Rxc1+ 31. Rxc1 Bxe7 $18) 29... Nxe5 30. Nxe7 Bxe7 31. Bxc6 Nxc6) 29. Ncxd5 Rxc1+ 30. Rxc1 Nxd5 31. Nxd5 Qa3 32. Qc7 ({Weaker is} 32. Qxe6 Qxc1+ 33. Bf1 Qc8 $18) 32... Rc8 (32... Re8 $142 33. Rc6 Bg8) 33. Qxc8+ $1 {White is clearly winning.} Bxc8 34. Rxc8+ Bf8 35. Nf4 Qxa2 36. Bd5 Qb1+ 37. Kg2 Qf5 38. Ra8 Kg7 39. e4 Qd7 40. Ne6+ Kh6 {Precision: White = 78%, Black = 35%.} 1-0

[Event "DEN-chT XtraCon 2018-19"]
[Site "Denmark"]
[Date "2018.10.28"]
[Round "2"]
[White "Antonsen, Mikkel"]
[Black "Ramsdal, Jens Albert"]
[Result "0-1"]
[WhiteElo "2429"]
[BlackElo "2222"]
[Annotator "TA"]
[PlyCount "94"]
[EventDate "2018.10.27"]
[EventType "team-tourn"]
[EventCountry "DEN"]
[SourceTitle "playchess.com"]
[Source "ChessBase"]
[SourceQuality "1"]

{[%evp 19,94,48,50,49,77,77,76,67,87,74,96,2,59,29,234,227,218,224,214,207,214,210,251,251,265,253,253,204,291,194,201,146,147,127,123,-66,-41,-62,-72,-69,-69,-69,-69,-69,-69,-69,-69,-73,-69,-80,-79,-95,-63,-78,-70,-70,-63,-72,-70,-177,-183,-172,-183,-180,-162,-618,-287,-449,-452,-405,-395,-429,-423,-589,-566,-949,-1013]} 1. d4 Nf6 2. c4 g6 3. Nc3 Bg7 4. e4 d6 5. h3 O-O 6. Be3 c5 7. Nf3 cxd4 8. Nxd4 Nbd7 {E90: King's Indian: Classical: Early deviations and 6 h3} (8... a6 9. Be2 b6 10. Bf3 Bb7 11. e5 Bxf3 12. Nxf3 dxe5 13. Qxd8 Rxd8 14. Bxb6 Rc8 15. Nd2 Nfd7 16. Be3 {1-0 (64) Jones,G (2666)-Perez Candelario,M (2611) Linares 2018}) 9. Be2 Nc5 10. Qc2 Bd7 {LiveBook: 3 Games. White is slightly better.} 11. O-O a5 12. Rad1 Qc8 13. Rfe1 $146 ({Predecessor:} 13. Nf3 Be6 14. Ng5 Bd7 {1-0 (28) Hogerhorst,T (1865)-Senders,M (1746) Maastricht 2011}) 13... Re8 14. Bf1 b6 15. Nb3 ({Better is} 15. Be2 $16) 15... Qb7 (15... Na4 $11) 16. Nxc5 dxc5 $2 (16... bxc5 $11 {and Black is okay.} 17. e5 dxe5) 17. e5 $18 Bf5 18. Bd3 Nd7 19. Bxf5 gxf5 20. Bf4 ({Don't play} 20. Qxf5 $6 Nxe5 21. Bh6 Bxh6 $16) 20... e6 {[#]} 21. Nb5 $1 Reb8 22. h4 Nf8 23. h5 Rd8 (23... h6 {might work better.} 24. Qd3 Rd8) 24. Rxd8 Rxd8 25. Bg5 Rd7 26. Qc3 {[#] Black must now prevent Qg3.} h6 27. Bf6 $2 (27. Bh4 $16) 27... Bxf6 $15 28. exf6 Qb8 29. Qe3 Nh7 30. Qxh6 {[%csl Gf6][%cal Rh6g7]} Qf8 31. Qxf8+ Kxf8 {[%mdl 4096] Endgame KRN-KRN} 32. Nc3 Nxf6 33. h6 Kg8 34. Kf1 Kh7 35. Ke2 Kxh6 36. Na4 Ne4 37. Ke3 Rd6 38. Rh1+ Kg7 39. g4 (39. b3 $15) 39... Nd2 $19 40. gxf5 Nxc4+ 41. Kf4 Rd4+ 42. Kg5 $2 (42. Kg3) 42... exf5 (42... f6+ $142 43. Kh5 exf5 44. Rg1+ Kf7) 43. b3 (43. Kxf5 {was the only chance.} Nd6+ 44. Ke5 Rxa4 45. Kxd6) 43... Nd6 {( -> ...Rg4+)} 44. f3 f6+ 45. Kh5 Nc8 {Black is clearly winning.} 46. Re1 Kf7 47. Re2 Ne7 {Precision: White = 55%, Black = 51%.} 0-1

[Event "DEN-chT XtraCon 2018-19"]
[Site "Denmark"]
[Date "2018.10.28"]
[Round "2"]
[White "Jepson, Christian"]
[Black "Hagen, Andreas Skytte"]
[Result "1-0"]
[WhiteElo "2413"]
[BlackElo "2377"]
[Annotator "TA"]
[PlyCount "95"]
[EventDate "2018.10.27"]
[EventType "team-tourn"]
[EventCountry "DEN"]
[SourceTitle "playchess.com"]
[Source "ChessBase"]
[SourceQuality "1"]

{[%evp 33,95,25,37,21,33,34,61,41,47,54,56,64,83,54,73,12,10,8,14,10,8,7,13,9,24,-23,-19,-31,-14,-63,-63,-117,-115,-101,-96,-148,-136,-196,-196,-276,-272,-268,-275,-253,-14,-14,-9,-8,0,0,0,0,27,25,24,25,29982,29983,29983,29984,29984,29985,29990,29991]} 1. d4 Nf6 2. c4 g6 3. Nc3 Bg7 4. e4 d6 5. Be2 O-O 6. Nf3 e5 7. d5 a5 8. Bg5 h6 9. Bh4 Na6 10. Nd2 Qe8 11. a3 Bd7 12. b3 Nh7 13. O-O h5 14. f3 Bh6 15. Rb1 Be3+ 16. Kh1 Bc5 17. Qc1 c6 {LiveBook: 13 Games} 18. Bf2 {E92: King's Indian: Classical: 6 Be2 e5: 7 dxe5, 7 Be3 and Petrosian System without 7...Nbd7} Bxf2 19. Rxf2 {[#]} Qb8 $146 ({Predecessor:} 19... Qe7 20. b4 axb4 21. axb4 c5 22. bxc5 Nxc5 23. Nb3 b6 24. Nxc5 bxc5 25. Bd3 Rfb8 {½-½ (63) Leyva,H (2409)-Kotronias,V (2539) Istanbul 2000}) 20. b4 {White is slightly better.} Qa7 21. Rf1 axb4 22. axb4 Nf6 23. c5 dxc5 24. bxc5 (24. b5 $1 $16 {[%cal Rb5a6]} Nb4 25. bxc6 bxc6 26. d6) 24... Nxc5 $11 25. Nc4 cxd5 26. Nb6 d4 ({But not} 26... dxe4 $6 27. fxe4 Ncxe4 28. Nxe4 $16 (28. Nxd7 Nf2+ 29. Rxf2 Qxf2 $16)) 27. Nxa8 Rxa8 28. Nb5 $1 {[%cal Rb5a7]} Bxb5 $1 29. Rxb5 b6 $36 {[%mdl 2048] Black has some pressure.} 30. Bc4 Kg7 31. Qg5 Qc7 32. Rfb1 ({White should play} 32. Rb4 $15) 32... Ncxe4 $17 33. fxe4 {Threatens to win with Rf1.} Qxc4 34. Rxb6 (34. h3 $142) 34... Nd7 $1 {[%cal Rd7b6]} 35. Rb7 (35. R6b2 $17 {keeps fighting.}) 35... Qc6 $1 $19 {[%cal Rc6b7] ...Qxb7! is the strong threat.} 36. h3 (36. Rxd7 $142 Qxd7 37. Qxe5+ f6 38. Qd5 Qxd5 39. exd5) 36... Qxe4 37. Kh2 Nf6 38. R1b6 {[#]} Nd5 $2 (38... Qf5 $1 $19 {[%cal Rf5g5]} 39. Qxf5 gxf5) 39. Re6 $1 $11 Qf4+ 40. Qxf4 Nxf4 41. Rxe5 {[%mdl 4096] Endgame KRR-KRN} Ra2 42. Ree7 Nxg2 ({Of course not} 42... Rxg2+ $6 43. Kh1 $16) 43. Rxf7+ Kh6 44. Kg3 {Hoping for h4.} Ne3 $2 {[%mdl 8192] [#]} (44... h4+ $11 45. Kg4 Ne3+ 46. Kxh4 Nf5+ 47. Kg4 Rg2+ 48. Kf3 Rh2) 45. h4 $1 {[%csl Gb7][%cal Rf7h7] White mates.} Nf5+ 46. Kf4 {[%csl Gb7][%cal Rf7h7]} Rf2+ 47. Ke5 {[%csl Gb7][%cal Rf7h7]} Re2+ 48. Kf6 {Precision: White = 55%, Black = 49%.} 1-0

[Event "DEN-chT XtraCon 2018-19"]
[Site "Denmark"]
[Date "2018.10.28"]
[Round "2"]
[White "Pedersen, Nicolai Vesterbaek"]
[Black "Borovnica, Tihomir"]
[Result "1-0"]
[WhiteElo "2396"]
[BlackElo "2276"]
[Annotator "TA"]
[PlyCount "57"]
[EventDate "2018.10.27"]
[EventType "team-tourn"]
[EventCountry "DEN"]
[SourceTitle "playchess.com"]
[Source "ChessBase"]
[SourceQuality "1"]

{[%evp 18,57,29,25,30,0,6,-17,41,-16,-15,-19,-29,-12,0,-34,-22,-52,0,15,31,-7,111,123,113,-88,283,286,479,429,533,531,570,554,740,740,738,729,797,775,783,740]} 1. d4 Nf6 2. c4 c5 3. d5 b5 4. Nf3 e6 5. dxe6 fxe6 6. cxb5 d5 7. g3 Be7 8. Bg2 O-O 9. O-O a6 10. bxa6 {LiveBook: 6 Games} Rxa6 {E10: Blumenfeld Gambit} (10... Nc6 11. Nc3 Rxa6 12. Bg5 Bb7 13. Rc1 Nd7 14. Bxe7 Nxe7 15. Ne1 Qa8 16. b3 d4 17. Na4 Rc8 18. Bxb7 Qxb7 19. Nd3 Qa7 20. Rc4 Nf5 21. Naxc5 Rxc5 22. Nxc5 Nxc5 23. Qc1 {1-0 (23) Werle,J (2563)-Rogozenco,D (2541) Germany 2010}) 11. Nbd2 Nc6 12. e4 $146 ({Predecessor:} 12. Re1 Ne8 13. e4 Nb4 14. Nf1 dxe4 15. Qxd8 Bxd8 16. Rxe4 {1-0 (41) Burnier,D (2326)-Kaenel,H (2328) Switzerland 2009}) 12... Rb6 ({Black should try} 12... c4 $11) 13. Re1 (13. exd5 $1 $14 exd5 14. Nb3) 13... c4 $11 {next ...Bc5 is good for Black.} 14. exd5 exd5 15. Nf1 Bb4 16. Bd2 Bc5 17. b3 {[#]} Ne4 (17... c3 $1 $15 {[%mdl 512]} 18. Bxc3 Ne4 19. Rxe4 dxe4 20. Qxd8 Nxd8) 18. Be3 d4 19. Bf4 (19. Nxd4 $5 Nxd4 20. Bxe4 $14) 19... Rxf4 (19... Nc3 $11 {keeps the balance.} 20. Qc1 Nb4) 20. gxf4 $16 Nxf2 21. Qc2 $2 (21. Kxf2 $16 {is forced if you want to stay better. Black must now prevent Kg1.} d3+ 22. Ne3) 21... c3 $2 {[%mdl 8192]} (21... Nh3+ $17 {keeps the pressure on.} 22. Kh1 c3) 22. Qxf2 $18 Qf8 $2 (22... Rb5 23. Ng5 d3 24. Bd5+ Qxd5 25. Re8+ Bf8) 23. Ne5 {[#] Threatens to win with Bd5+.White is clearly winning.} Nxe5 24. Rxe5 ({Less strong is} 24. fxe5 d3 $16) 24... Rf6 25. Kh1 Rxf4 26. Qe2 d3 27. Qxd3 Bd4 28. Re4 Rxe4 29. Qxe4 {Precision: White = 31%, Black = 24%.} 1-0

[Event "DEN-chT XtraCon 2018-19"]
[Site "Denmark"]
[Date "2018.10.28"]
[Round "2"]
[White "Skytte, Rasmus"]
[Black "Kristensen, Kaare Hove"]
[Result "1/2-1/2"]
[WhiteElo "2385"]
[BlackElo "2347"]
[Annotator "TA"]
[PlyCount "44"]
[EventDate "2018.10.27"]
[EventType "team-tourn"]
[EventCountry "DEN"]
[SourceTitle "playchess.com"]
[Source "ChessBase"]
[SourceQuality "1"]

{[%evp 17,44,22,6,0,0,0,0,8,15,-18,-5,-20,1,8,8,-29,-26,-47,-47,-47,-45,-47,-39,-52,-43,-47,-24,-24,31]} 1. d4 d5 2. c4 e6 3. Nf3 Nf6 4. Nc3 Be7 5. Bf4 O-O 6. e3 b6 7. Rc1 Bb7 8. cxd5 {D37: Queen's Gambit Declined: 5 Bf4} (8. Bd3 dxc4 9. Bxc4 a6 10. O-O b5 11. Bd3 Nbd7 12. a4 b4 13. Nb1 c5 14. Nbd2 cxd4 15. Bc7 Qe8 16. exd4 {1-0 (57) Lalith,B (2575)-Melkumyan,H (2650) Abu Dhabi 2016}) 8... Nxd5 9. Nxd5 Qxd5 {LiveBook: 27 Games} 10. Bc4 {The position is equal.} Qa5+ 11. Nd2 c5 {[%cal Bc7c5,Bc5c4][%mdl 32]} 12. O-O {Threatening Bd3.} b5 $146 ({Predecessor:} 12... cxd4 13. Nb3 Qf5 14. Nxd4 Qg6 15. f3 Bg5 16. Bxg5 Qxg5 {0-1 (30) Doroshkievich,V-Manasterski,L Polanica Zdroj 1971}) 13. Bd3 {[#] Black must now prevent Nb3.} c4 $1 14. Bb1 Nc6 15. Ne4 $40 {[%mdl 128] White attacks.} Nb4 16. Qd2 Qb6 17. Nc5 Bxc5 18. dxc5 Qxc5 19. Qd6 Qc6 {[%csl Gb7][%cal Rc6g2] [#]} 20. e4 a5 21. Rfd1 Qxd6 22. Rxd6 Nd3 {Precision: White = 43%, Black = 57%.} ({Black should try} 22... Nc6 $11) 1/2-1/2

[Event "DEN-chT XtraCon 2018-19"]
[Site "Denmark"]
[Date "2018.10.28"]
[Round "2"]
[White "Carstensen, Jacob"]
[Black "Borge, Nikolaj"]
[Result "1/2-1/2"]
[WhiteElo "2362"]
[BlackElo "2385"]
[Annotator "TA"]
[PlyCount "103"]
[EventDate "2018.10.27"]
[EventType "team-tourn"]
[EventCountry "DEN"]
[SourceTitle "playchess.com"]
[Source "ChessBase"]
[SourceQuality "1"]

{[%evp 15,103,73,75,41,52,52,67,42,36,33,44,31,54,45,46,18,44,49,80,-39,-48,-41,-40,-41,-35,-43,-39,-43,-35,-65,67,64,62,61,58,55,62,-13,-16,-32,-32,-34,-28,-33,-33,-37,-22,-38,-31,-43,-48,-60,-36,-40,0,-50,0,-34,0,-60,-18,-62,-25,-24,0,-47,0,-16,0,-24,-16,-8,0,-21,-30,-34,-27,-47,-47,-12,0,0,0,0,0,0,0,0,0,0]} 1. d4 Nf6 2. c4 g6 3. Nc3 Bg7 4. e4 d6 5. Be2 O-O 6. Be3 c5 7. d5 b5 {E73: King's Indian: Averbakh Variation without 6...c5} (7... e6 8. Nf3 exd5 9. cxd5 Re8 10. Nd2 c4 11. O-O Na6 12. Bf3 b6 13. Re1 Nc5 14. Bxc5 bxc5 15. e5 Rxe5 16. Rxe5 dxe5 17. Nxc4 {½-½ (23) Howell,D (2687)-Jones,G (2670) Hull 2018}) 8. cxb5 a6 {LiveBook: 8 Games. next ...axb5 is good for Black.} 9. f3 axb5 {White is slightly better.} 10. Bxb5 Qa5 11. Nge2 Ba6 12. Bxa6 Nxa6 13. O-O Rfb8 14. Qd2 Nd7 {[%cal Bf6d7,Bd7e5,Be5c4][%mdl 32]} 15. Rab1 $146 Ne5 16. b3 Qa3 17. Na4 (17. Bg5 $16) 17... Nc4 $1 $15 {[%cal Rc4d2]} 18. Qc1 Qxc1 19. Bxc1 Nb4 $1 {[%cal Rb4a2]} 20. bxc4 {[#] Hoping for Nac3.} Rxa4 21. a3 Na6 22. Bg5 Re8 (22... Kf8 $1 $15) 23. Rb7 $14 Kf8 24. Rfb1 {Threatens to win with Ra7.} Rxa3 25. Ra7 {[#] Black must now prevent Rbb7.} h6 26. Bd2 (26. Bf4 $14) 26... Ra2 $11 27. Kf1 Rxd2 28. Rxa6 Rc2 29. Ra4 Rb2 30. Rxb2 Bxb2 $15 {[%mdl 4096] Endgame KRB-KRN} 31. Ke1 Rb8 32. Kd2 Bf6 33. f4 Rb2+ 34. Kd3 Rb3+ 35. Kd2 Rb2+ 36. Kd3 Rb3+ 37. Kd2 Kg7 38. Ra7 Rb2+ 39. Kd3 Rb3+ 40. Kd2 Rb2+ 41. Kd3 Rb3+ 42. Kc2 Rb4 43. Kd3 h5 {[%cal Bh6h5,Bh5h4][%mdl 32]} 44. g3 h4 45. e5 dxe5 46. fxe5 Bxe5 47. Rxe7 hxg3 {The position is equal.} 48. hxg3 Rb3+ 49. Kc2 Rb2+ 50. Kd3 Rb3+ 51. Kc2 Rb2+ 52. Kd3 {Precision: White = 46%, Black = 53%.} 1/2-1/2

[Event "DEN-chT XtraCon 2018-19"]
[Site "Denmark"]
[Date "2018.10.28"]
[Round "2"]
[White "Vinter-Schou, Uffe"]
[Black "Hove, Esben Kjems"]
[Result "1/2-1/2"]
[WhiteElo "2341"]
[BlackElo "2286"]
[Annotator "TA"]
[PlyCount "144"]
[EventDate "2018.10.27"]
[EventType "team-tourn"]
[EventCountry "DEN"]
[SourceTitle "playchess.com"]
[Source "ChessBase"]
[SourceQuality "1"]

{[%evp 31,144,20,34,14,33,26,35,35,47,0,19,0,18,22,82,56,75,47,60,13,8,0,0,-5,0,0,0,0,-1,-75,-58,-47,-32,-41,-30,-45,-47,-42,7,8,8,8,8,8,8,8,17,10,17,0,7,5,72,68,91,71,141,79,106,43,21,14,65,0,0,-55,-52,-58,-48,-122,-4,-3,0,-87,-83,-83,-77,-83,2,-8,22,-8,-8,-145,-8,-134,0,-8,-8,-1148,-821,-1740,-1347,-1000,-1004,-620,-8,-8,-8,-8,-13,-36,0,-8,0,0,0,0,0,0,8,8,8,8,8]} 1. e4 c6 2. d4 d5 3. exd5 cxd5 4. c4 Nf6 5. Nc3 e6 6. cxd5 Nxd5 7. Nf3 Be7 8. Bd3 Nc6 9. O-O O-O 10. Re1 Bf6 11. Be4 Nce7 12. Ne5 Bd7 13. Qd3 g6 14. Bh6 Bg7 15. Bxg7 Kxg7 16. Bxd5 {D42: Queen's Gambit Declined: Semi-Tarrasch: 5 cxd5 Nxd5 6 e3 Nc6 7 Bd3} exd5 {LiveBook: 16 Games} 17. Rac1 a6 (17... Rc8 18. h3 Be6 19. Qb5 Rc7 20. Ne2 Nf5 21. Rxc7 Qxc7 22. Rc1 Qb8 23. Qb4 Rc8 {1-0 (97) Frolyanov,D (2563)-Bocharov,D (2585) Khanty-Mansiysk 2017}) 18. Qf3 $146 {White is slightly better.} ({Predecessor:} 18. Nxd7 Qxd7 19. Re5 f6 20. Re2 Nc6 21. Na4 Qg4 22. Rce1 Nxd4 23. Re7+ Rf7 24. Nc5 Kf8 25. Qe3 Nc6 26. Qh6+ {1-0 (26) Gubaydulin,T (2191)-Rysbayeva,N (2054) Dubna 2007}) 18... Be6 19. Qf4 Nf5 20. Nf3 h6 21. h4 Qf6 22. Na4 Bd7 (22... Rae8 $11) 23. Nc5 $16 Bc8 24. Re5 Qd8 25. Rce1 b6 26. Nd3 f6 27. R5e2 $132 {[%mdl 2048] White is fighting back} g5 28. hxg5 hxg5 29. Qd2 Ra7 ({Much worse is} 29... g4 $6 30. Nh2 $18) 30. Nb4 (30. g4 $1 $11 {keeps the balance.}) 30... Rc7 31. Qd3 a5 32. Nc2 $1 Qd6 33. Ne3 Nxe3 34. Rxe3 Bg4 (34... Rh8 $5 {[%cal Rg5g4]} 35. Re8 Rxe8 36. Rxe8 Bd7 $15) 35. Nh2 {[%cal Bf3h2,Bh2f1,Bf1g3][%mdl 32]} Bc8 36. Nf1 Rh8 37. Ng3 Rf7 38. Re8 Rxe8 $1 39. Rxe8 Bg4 $1 40. Qe3 Rc7 41. a3 Kf7 (41... Qf4 $11) 42. Rh8 {Intending Qe8+ and mate.} Re7 43. Qd3 {Qh7+ is the strong threat.} Ke6 (43... f5 $142 44. Nf1 Qf6 45. Rh7+ Ke6 46. Rxe7+ Kxe7) 44. Kh2 (44. Rc8 $142) 44... Kd7 45. f3 ({White should try} 45. Qb5+ $16 Kc7 46. Qa6) 45... Be6 $14 46. Qb5+ Qc6 (46... Kc7 $11) 47. Qxc6+ (47. Qa6 $14) 47... Kxc6 {[%mdl 4096] Endgame KRB-KRN} 48. Rh6 (48. Rb8 $11) 48... Kb5 $15 49. Rxf6 Kc4 50. Rg6 (50. f4 $15) 50... Kxd4 (50... b5 $17 51. Nh5 (51. Rxg5 Kb3 $17) 51... Kb3) 51. Rxg5 $11 Kd3 52. Kg1 (52. Re5 $11) 52... Kc2 $17 {[%mdl 1024] Black has strong compensation.} 53. Re5 {Black must now prevent Nf5.} Re8 $1 54. Re2+ Kd3 (54... Kc1 $1 $17) 55. Kf2 (55. f4 {looks sharper.} Bf7 56. Kf2 d4 57. f5 a4 58. Ke1) 55... Bf7 56. Rxe8 (56. f4 {seems wilder.} d4 57. f5 Rg8 58. Re7 Rf8 59. Kf3) 56... Bxe8 $11 {KB-KN} 57. f4 (57. Nf5 $11) 57... d4 (57... Kc2 $17 58. Nf5 Kxb2) 58. Nf5 {[#]} (58. f5 $11 {remains equal.}) 58... Bd7 ({Black should play} 58... a4 $1 $17 {And now ...Kc2 would win.} 59. Nd6 Bh5) 59. Nd6 {Threatens to win with f5.} Kc2 60. Ke1 $2 {[%mdl 8192]} (60. f5 $11) 60... b5 61. b4 d3 62. Ne4 Bc6 63. Nd2 {[#]} axb4 $2 (63... a4 $1 $19 {aiming for ...Kb2.} 64. g4 Kb2) 64. axb4 Bxg2 {next ...Bh3 is good for Black.} 65. f5 Bd5 66. f6 Kc3 67. Nb1+ {The position is equal.} Kxb4 {Hoping for ...Kc4.} 68. Kd2 Bc4 69. Nc3 Kc5 70. Ne4+ Kd4 71. Nd6 Ke5 72. Nxc4+ Kxf6 {Precision: White = 36%, Black = 37%.} 1/2-1/2